000 00358nam a22001217a 4500
999 _c2240
_d2240
005 20200910144802.0
008 200910b ||||| |||| 00| 0 eng d
020 _a0673811581
040 _cCML
245 _aBefore your Very Eyes.
_cForesman, S.
260 _aUSA
_bScott, Foresman and Company
_c1988
942 _2ddc
_cBK
_e1st Edition
_h157
_mFOR